Statistiques concernant Y'en a combien ?

Cliquez ici pour prendre le quiz!

Statistiques générales

  • Ce quiz a été pris 100 fois
  • Le résultat moyen est 8 sur 16

Statistiques - réponses

CombienRéponse% Correct
Pays différents ayant remporté une coupe du monde de rugby4
88%
Age de Louis XVI à sa mort38
79%
Femmes d'Henri VIII6
79%
Films réalisés par Quentin Tarantino9
75%
Pourcentage de chansons de Jenifer dans lesquelles les mots "amour" / "aimer" / "amoureux(se)" apparaissent72
70%
Millions d'humains sur Terre (2019)7 673
53%
Kilomètres entre Paris et Lyon à vol d'oiseau
392
52%
Livres des Rougon-Macquart20
47%
Secondes dans un jour86400
46%
Sports aux Jeux Olympiques de Paris 202432
41%
Pokémon dans l'intégralité du Pokédex905
40%
Kilogrammes de pain consommés par personne et par an en France58
34%
Protons dans un atome d'or79
34%
Box-office d'Avatar en millions de dollars2 847
29%
Langues parlées en Papouasie-Nouvelle-Guinée841
29%
Magasins Ikea dans le monde (2020)445
24%

Distribution des résultats

Percentile par nombre de réponses

% des personnes avec chaque résultat

Votre développement - résultats

Vous n’avez pas pris ce quiz